Dr. Babasaheb Ambedkar Writings and Speeches V3 (Record no. 20699)

MARC details
000 -LEADER
fixed length control field 00341nam a22001217a 4500
082 ## - DEWEY DECIMAL CLASSIFICATION NUMBER
Classification number 306.0899145 MOO
100 ## - MAIN ENTRY--AUTHOR NAME
Author name Moon, Vasant
245 ## - TITLE STATEMENT
Title Dr. Babasaheb Ambedkar Writings and Speeches V3
260 ## - PUBLICATION, DISTRIBUTION, ETC. (IMPRINT)
Place of publication Mumbai, Maharashtra
Name of publisher Education and Employment Department
Year of publication 1987
300 ## - PHYSICAL DESCRIPTION
Number of Pages 488
650 ## - SUBJECT ADDED ENTRY--TOPICAL TERM
Topical Term B.R. Ambedkar's Philosophy
942 ## - ADDED ENTRY ELEMENTS (KOHA)
Koha item type Books
Holdings
Home library Current library Shelving location Date acquired Source of acquisition Cost, normal purchase price Full call number Accession Number Koha item type
Henry Martyn Institute Library Henry Martyn Institute Library General stacks 10/27/2017 Dr. Yoginder Singh Sikand 40.00 306.0899145 MOO V3 11-3579 Books
                   Copyright © 2026 | Henry Martyn Institute | Hyderabad | TS-500052 | INDIA | Implemented by hmi.edu.in
Hit-Count:

Powered by Koha